LEADER 01076nam--2200349---450- 001 990003594500203316 005 20111121161318.0 010 $a978-88-348-8469-0 035 $a000359450 035 $aUSA01000359450 035 $a(ALEPH)000359450USA01 035 $a000359450 100 $a20111121d2010----km-y0itay50------ba 101 $aita 102 $aIT 105 $ay|||||||001yy 200 1 $a<> aziende di consulenza$evarietà e variabilità degli assetti istituzionali nelle aziende di consulenza$fCarlo Brugnoli 210 $aTorino$cGiappichelli$d2010 215 $aXIII, 281 p.$d24 cm 606 0 $aConsulenti$2BNCF 676 $a338.4765846$v22 700 1$aBRUGNOLI,$bCarlo$0107390 801 0$aIT$bsalbc$gISBD 912 $a990003594500203316 951 $a338.476 BRU 1$b18947 E.C.$c338.476$d00268438 959 $aBK 969 $aECO 979 $aCHIARA$b90$c20111121$lUSA01$h1432 979 $aCHIARA$b90$c20111121$lUSA01$h1611 979 $aCHIARA$b90$c20111121$lUSA01$h1613 996 $aAziende di consulenza$91136369 997 $aUNISA